Základné tendencie dlhodobého ekonomického rastu vo svetovej ekonomike

Analýza dlhodobých tendencií ekonomického rastu a zmeny v životnej úrovni obyvateľov v rozdielnych krajinách a regiónoch svetovej ekonomiky. Príspevok poukazuje na opodstatnenosť záujmu moderných teórií ekonomického rastu o základné zdroje rastu v dlhom období. Ukazuje, ako malé rozdiely v tempách e...

Ausführliche Beschreibung

Gespeichert in:
Bibliographische Detailangaben
1. Verfasser: Lábaj, Martin, 1982-
Format: Buchkapitel
Sprache:Slowakisch
Schlagworte:
Tags: Tag hinzufügen
Keine Tags, Fügen Sie das erste Tag hinzu!

MARC

LEADER 00000nla$a2200000$$$4500
001 0108383
005 20240502072209.5
041 0 |a slo 
044 |a SK 
245 1 0 |a Základné tendencie dlhodobého ekonomického rastu vo svetovej ekonomike  |c Martin Lábaj 
520 |a Analýza dlhodobých tendencií ekonomického rastu a zmeny v životnej úrovni obyvateľov v rozdielnych krajinách a regiónoch svetovej ekonomiky. Príspevok poukazuje na opodstatnenosť záujmu moderných teórií ekonomického rastu o základné zdroje rastu v dlhom období. Ukazuje, ako malé rozdiely v tempách ekonomického rastu spôsobujú v dlhodobom horizonte obrovské rozdiely v životnej úrovni obyvateľov. 
610 2 0 |a rast hospodársky dlhodobý 
610 2 0 |a faktory rastu hospodárskeho 
610 2 0 |a produkt domáci hrubý 
610 2 0 |a úroveň životná 
610 2 0 |a svet 
100 1 |a Lábaj, Martin, 1982-